000 00590nam a2200217 a 4500
001 BRCA_3511
005 20190320204320.0
008 250709s1920----sp-a---###---#000-0#spa-#
041 _aspa
044 _asp
050 4 _aF1234
_b.B74 1920
100 1 _aBreceda, Alfredo.
_99128
245 1 0 _aMéxico revolucionario, 1913-1917
_cAlfredo Breceda.
260 _aMadrid
_bTipografía Artística Cervantes
_c1920
300 _a503 p.
_bil.
_c20 cm.
500 _aLa biblioteca cuenta con el tomo 1
500 _aB96
651 4 _aMéxico
_xHistoria.
_9614
902 _aGFM
942 _2lcc
_cB
999 _c3246
_d3246